Statistics for Film History #5

Click here to take the quiz!

General Stats

  • This quiz has been taken 82 times
  • The average score is 9 of 20

Answer Stats

YearHintAnswer% Correct
1933"King Kong" climbs on which building?Empire State Building
95%
1889Hitler and this Englishman, who will parody him later, are bornCharles Chaplin
88%
1967This duo provide the songs for "The Graduate"Simon & Garfunkel
82%
1932Who is the real person that inspired the name and film "Scarface"?Al Capone
72%
1979"Apocalypse Now" is based on this novelHeart of Darkness
61%
2015This actor of Dracula, Lord Summerisle and Saruman is still alive!Christopher Lee
50%
1979In "Life of Brian", Eric Idle sings this song"Always Look on the Bright Side of Life"
47%
1989Spike Lee writes/directs/stars in this movieDo the Right Thing
47%
1994Martin Landau plays this other actor in "Ed Wood"Bela Lugosi
39%
1992Quentin Tarantino debuts with "Reservoir Dogs" - and plays?Mr. Brown
39%
2005"The Curse of the Were-Rabbit" uses this recording techniqueStop Motion
36%
1969Stanley Kubrick receives the Oscar in this category for "2001"Special Visual Effects
35%
1971This character loves "Ludwig Van"Alex DeLarge
34%
1960Michael Powell's career is ruined by this voyeuristic thrillerPeeping Tom
30%
1972Mythical place that "Aguirre, the Wrath of God" wants to findEl Dorado
28%
1934Thriller by Hitchcock remade by himself in 1956The Man Who Knew Too Much
28%
1964"A Fistful of Dollars" is a remake of this 1961 filmYojimbo
28%
1932Tod Browning's career is ruined by this horror filmFreaks
26%
1994He is unhappy with what Oliver Stone makes out of his story in "Natural Born Killers"Quentin Tarantino
23%
1980"Cannibal Holocaust" opens this min-genreFound Footage
12%

Score Distribution

Percentile by Number Answered

Percent of People with Each Score

Your Score History

You have not taken this quiz